| 000 | 00543 a2200181 4500 | ||
|---|---|---|---|
| 003 | OSt | ||
| 005 | 20260305124335.0 | ||
| 008 | 240207b |||||||| |||| 00| 0 eng d | ||
| 020 | _a9788187474241 | ||
| 040 | _coclc | ||
| 082 |
_a894.8124 _bZAC/E |
||
| 100 | 0 |
_aSakkar̲iya, _d1945- _96653 |
|
| 245 |
_aEzhuthukarkku Indiaykkuvendi Enthu Cheyan Kazhiyum / _cZacharia |
||
| 250 | _a2nd ed. | ||
| 260 |
_aKozhikode: _bOlive Publications, _c2021. |
||
| 300 | _a146p. | ||
| 942 |
_2ddc _cBK _h894.8124 _iZAC/E _k894.8124 _mZAC/E |
||
| 999 |
_c44344 _d44344 |
||